[Event "HUN-chT2 Toth 1112"]
[Site "Hungary"]
[Date "2012.03.11"]
[Round "7.9"]
[White "Nagy, Jozsef"]
[Black "Krizsa, Sandor"]
[Result "1-0"]
[WhiteElo "1864"]
[BlackElo "1739"]
[PlyCount "75"]
[EventDate "2011.09.25"]
[EventType "team-tourn"]
[EventRounds "11"]
[EventCountry "HUN"]
[SourceTitle "EXT 2013"]
[Source "ChessBase"]
[SourceDate "2012.11.22"]
[SourceVersion "1"]
[SourceVersionDate "2012.11.22"]
[SourceQuality "1"]
[WhiteTeam "KHTK"]
[BlackTeam "Keviterv"]
[WhiteTeamCountry "HUN"]
[BlackTeamCountry "HUN"]

1. d4 c6 2. e4 d5 3. e5 Bf5 4. g4 Be4 5. f3 Bg6 6. Bd3 e6 7. h4 Be7 8. g5 Bxd3 9. cxd3 h6 10. f4 c5 11. dxc5 Bxc5 12. d4 Bb6 13. Be3 Ne7 14. Nf3 Nf5 15. Qd3 Nc6 16. a3 h5 17. b4 Rc8 18. Nbd2 Nxe3 19. Qxe3 Ne7 20. Nb3 Nf5 21. Qd3 0-0 22. Nc5 Bxc5 23. dxc5 Qc7 24. Nd4 Nxd4 25. Qxd4 a5 26. Ke2 Ra8 27. b5 Rfc8 28. Rhc1 Qd7 29. a4 Rc7 30. Rc2 Rac8 31. Rac1 Qe7 32. c6 bxc6 33. Rxc6 Rxc6 34. Rxc6 Rxc6 35. bxc6 Kf8 36. Qb6 Ke8 37. Qb7 Qd8 38. c7 1-0

[Event "HUN-chT2 Toth 1112"]
[Site "Hungary"]
[Date "2012.01.29"]
[Round "5.11"]
[White "Berta, Sandor Martin"]
[Black "Krizsa, Sandor"]
[Result "1-0"]
[WhiteElo "1850"]
[BlackElo "1739"]
[PlyCount "75"]
[EventDate "2011.09.25"]
[EventType "team-tourn"]
[EventRounds "11"]
[EventCountry "HUN"]
[SourceTitle "EXT 2013"]
[Source "ChessBase"]
[SourceDate "2012.11.22"]
[SourceVersion "1"]
[SourceVersionDate "2012.11.22"]
[SourceQuality "1"]
[WhiteTeam "Toth Laszlo"]
[BlackTeam "Keviterv"]
[WhiteTeamCountry "HUN"]
[BlackTeamCountry "HUN"]

1. e4 e5 2. Nf3 d6 3. d4 exd4 4. Nxd4 h6 5. Nc3 a6 6. Bc4 Nf6 7. a4 Be7 8. Bb3 Bd7 9. 0-0 Nc6 10. Be3 0-0 11. f3 Qc8 12. Nxc6 Bxc6 13. Qd2 Kh7 14. Ne2 Bd7 15. c3 Be6 16. Bc2 Ng8 17. Nd4 c5 18. Nxe6 Qxe6 19. f4 Rad8 20. f5 Qd7 21. f6 gxf6 22. e5+ Kg7 23. Bxh6+ Nxh6 24. exf6+ Bxf6 25. Rxf6 Kxf6 26. Qxh6+ Ke5 27. Re1+ Kd5 28. Be4+ Kc4 29. Qf4 d5 30. Bf5+ Kb3 31. Bxd7 Rxd7 32. Re2 d4 33. cxd4 cxd4 34. Qf5 Rfd8 35. Qd3+ Kxa4 36. Qc4+ Ka5 37. b4+ Kb6 38. Qc5# 1-0

[Event "HUN-chT2 Toth 1011"]
[Site "Hungary"]
[Date "2011.05.15"]
[Round "11.11"]
[White "Balint, Attila"]
[Black "Krizsa, Sandor"]
[Result "0-1"]
[WhiteElo "1723"]
[BlackElo "1456"]
[PlyCount "56"]
[EventDate "2010.09.12"]
[EventType "team-tourn"]
[EventRounds "11"]
[EventCountry "HUN"]
[SourceTitle "EXT 2012"]
[Source "ChessBase"]
[SourceDate "2011.11.24"]
[SourceVersion "1"]
[SourceVersionDate "2011.11.24"]
[SourceQuality "1"]
[WhiteTeam "Maroczy II"]
[BlackTeam "Szolnok"]
[WhiteTeamCountry "HUN"]
[BlackTeamCountry "HUN"]

1. e4 d6 2. d4 c6 3. Nf3 Bg4 4. c3 h6 5. Bd3 Nd7 6. 0-0 e5 7. Be3 Qc7 8. Nbd2 g6 9. Qc2 Bg7 10. Nh4 Ne7 11. f4 exf4 12. Bf2 0-0-0 13. a4 Rdf8 14. b4 g5 15. Nhf3 f5 16. b5 fxe4 17. Bxe4 Nf6 18. Bd3 Nfd5 19. Rfe1 Nf5 20. Bxf5+ Bxf5 21. Qb3 Re8 22. c4 Nf6 23. Red1 Ng4 24. Rac1 Nxf2 25. Kxf2 g4 26. Ne1 Bxd4+ 27. Kf1 Qe7 28. Nc2 Qe2# 0-1